Book review

Bibliographic Details
Main Author: Pipík, Radovan, 1970- (Author)
Format: Article
Language:Slovak
English
Subjects:

MARC

LEADER 00000nab a2200000 a 4500
001 vtls010253625
003 SK-MaSNL
005 20260304155212.0
008 25050731c2006 xo o e slon
015 |a SNBRB2006/08 
035 |a SVKKK000080422 
035 |a urn:nbn:sk:snk-ab78vw 
035 |a (uuid)0a59ce01-449c-4660-8303-1b4a40479998 
035 |a (urnnbn)urn:nbn:sk:snk:ar-a077qc 
035 |a (sysno)vtls010253625 
038 |a SVKKK 
040 |a SNKBUCL  |b slo  |c SNKBUCL  |e AACR2 
041 0 |a eng 
044 |a xo  |c SK 
080 |a 565.33(234.32)  |2 1997 
100 1 |a Pipík, Radovan,  |d 1970-  |4 aut  |9 15996 
245 1 0 |a Book review  |c Radovan Pipík 
650 0 7 |a ostrakóda  |y miocén  |z Viedenská panva (Rakúsko)  |x recenzie  |2 snkbucl  |9 1480692 
651 7 |a Viedenská kotlina  |2 SNKPHgeo  |9 215871 
773 0 |t Geologica carpathica  |g Roč. 57, č. 3 (2006), s. 198  |x 1335-0552 
850 |a Slovenská národná knižnica 
852 |a Slovenská národná knižnica 
958 |a article27 
958 |a AT 
958 |a RC 
958 |a OND 
958 |a EUIPO 
999 |c 2961221  |d 2963151